000 00751nam a2200217Ia 4500
003 IN-BaIIA
008 211028s9999 xx 000 0 eng d
020 _a3-7650-0093-0
040 _cIIA Library
080 _a083.8:523.8
_bAPP-93
110 _aInternational Astronomical Union
245 0 _aApparent places of fundamental stars 1993
_bfor 1535 stars from the fifth fundamental catalogue (FK5)
_cInternational Astronomical Union
260 _aHeidelberg
_bAstronomisches Rechen-Institut
_c1992
300 _axliv, 510p.
500 _aComplimentary copy
650 _aAstronomy and Astrophysics Thesaurus
650 _aCatalogue-Stars
_9966
650 _aEphemeris
650 _aStars catalogue
_9967
942 _cBK
999 _c10432
_d10432